000 01224cab a22002295a 4500
001 L141586
008 071203e2007 xxk 000 0 eng d
035 _a(Sirsi) u141586
041 0 _aeng
100 1 _aPemberton, Simon
245 0 0 _aAfter PGS
_bSPC
260 _c2007
490 _aEstates Gazette
_v(0744) 3 November 2007, 81-82(2)
520 _aConsiders the future of the Government's plans to tax development value. Plans for a Planning Gain Tax have now been abandoned before its implementation. Questions the purpose of planning gain: whether to tax development value or to overcome local planning harm. Describes the Government's new plan of a statutory planning charge. Outlines its objectives: to finance additional investment; to simplify the planning charge setting; to provide fair means of securing contributions from developers for infrastructure; and to encourage positive planning by local authorities.
590 _aKA
650 2 4 _aTOWN AND COUNTRY PLANNING ACT 1990 S106
650 2 4 _aPLANNING POLICY STATEMENT 3
650 2 4 _aDEFRA CIRCULAR 05/2005
651 4 _aUnited Kingdom
_y
690 _aENVIRONMENTAL AND LAND CONSULTANCY-PLANNING AND DEVELOPMENT-DEVELOPMENT CONTROL
942 _n0
999 _c79527
_d79527